| 000 | 00684nam a22002177a 4500 | ||
|---|---|---|---|
| 005 | 20200312134021.0 | ||
| 008 | 200312b xxu||||| |||| 00| 0 eng d | ||
| 020 |
_a9781316614778 _cGBP 29.99 |
||
| 040 | _beng | ||
| 041 | _aEnglish | ||
| 082 |
_a364.15 _bSTO |
||
| 100 | _aStoyanova, Vladislava | ||
| 245 |
_aHuman trafficking and slavery reconsidered _bConceptual limits and States' positive obligations in European Law _cVladislava Stoyanova |
||
| 260 |
_aCambridge _bCambridge University Press _c2017 |
||
| 300 |
_axxxiv,478p _b24 cm |
||
| 504 | _aIncludes bibliography and index | ||
| 650 |
_aHuman trafficking _vLaws |
||
| 650 | _aSlavery | ||
| 850 | _aLCLIB | ||
| 942 | _cBK | ||
| 999 |
_c42665 _d93144 |
||